Kritické poznámky k súčasnej fenomenológii

Bibliographic Details
Main Author: Maco, Róbert, 1975- (Author)
Format: Article
Language:Slovak
ISSN:0046-385X
Subjects:

MARC

LEADER 00000nab a2200000 a 4500
001 vtls009324028
003 SK-MaSNL
005 20260304150822.0
008 250506c2008 xo mr|p|||||||000 b|slo
015 |a SNBRB2008/07  |2 snkbucl 
035 |a (uuid)24ce3906-0208-41fd-a1cb-1d0833a35877 
035 |a urn:nbn:sk:snk-ab1317 
035 |a (urnnbn)urn:nbn:sk:snk:ar-a03zpo 
038 |a SNKBUCL 
040 |a SNKBUCL  |b slo  |c SNKBUCL  |e AACR2 
041 0 |a slo 
044 |a xo  |c SK 
080 |a 165.62  |2 2001 
100 1 |a Maco, Róbert,  |d 1975-  |4 aut  |9 111958 
245 1 0 |a Kritické poznámky k súčasnej fenomenológii  |c Róber Maco 
504 |a Bibliogr. odkazy 
650 0 7 |a fenomenológia  |2 snkbucl  |9 14875 
773 0 |t Filozofia  |g Roč. 63, č. 3 (2008), s. 263-269  |x 0046-385X 
850 |a Slovenská národná knižnica 
852 |a Slovenská národná knižnica 
954 |a odborná, vedecká literatúra pôvodná (slovenská)  |2 lita 
958 |a article27 
958 |a OND 
958 |a SK 
958 |a NB 
958 |a EUIPO 
999 |c 2939803  |d 2941733